| 000 | 02018nam a2200289Ia 4500 | ||
|---|---|---|---|
| 005 | 20250329173540.0 | ||
| 008 | 210412s9999 xx 000 0 und d | ||
| 020 | _a9786071509475 | ||
| 040 |
_aCO-CtgCURN _bspa _ccoctgcurn |
||
| 082 |
_a001.42 _bM385m |
||
| 100 |
_aMartínez Montaño, María del Lurdez Consuelo _eautora |
||
| 245 | 0 |
_aMetodología de la investigación para el área de la salud / _h[electronic resource] / _cMaría del Lurdez Consuelo Martínez Montaño, Rosendo Briones Rojas, José Gaspar Rodolfo Cortés Riveroll, , |
|
| 260 |
_aMéxico : _bMc Graw Hill, _c2013 |
||
| 300 |
_arecurso en línea (175 páginas) : _bilustraciones (color) |
||
| 336 |
_atexto _btxt |
||
| 337 |
_acomputador _bc |
||
| 338 |
_arecurso en línea _bcr |
||
| 504 | _aIncluye referencias bibliográficas | ||
| 505 | _aRasgos históricos de los métodos de investigación científica en medicina -- Investigación en salud -- Importancia de la metodología de la investigación -- El problema científico -- Objetivos de la investigación -- Marco teórico en la investigación científica -- Diseños metodológicos para la investigación en el área de la salud -- Recolección de datos -- Cómo elegir la prueba estadística -- Estudios de casos y controles -- Serie de casos -- Estudio de cohortes -- Experimentos y cuasiexperimentos -- Metodología de la investigación en la epidemiología -- El informe final de la investigación -- La estructura del protocolo de investigación y de la tesis -- Responsabilidad profesional en la investigación clínica | ||
| 590 | _aPrograma de Enfermería_27 | ||
| 650 |
_aInvestigación científica _xMetodología |
||
| 700 |
_aBriones Rojas, Rosendo _eautor |
||
| 700 |
_aCortés Riveroll, José Gasparl _eautor |
||
| 856 |
_uhttps://unicurn.sharepoint.com/:b:/s/biblioteca/ERM9C9S48jVHpSK29Y-NIlEB0IkXnfyFTk4KHKCL5wZaRg?e=fD6G86 _zVea este libro electrónico |
||
| 942 |
_cCF _h001.42 _iM385m |
||
| 999 |
_c7969 _d7969 |
||